000 00557nam a2200181 a 4500
001 000045435
005 20201002052241.0
008 150324s2011 dr a 000 0 spa d
020 _a9789945164367
040 _aDO-SdBNP
_bspa
_cBNPHU
100 1 _aCharles, Adams
_q(C. G. A. Charles)
_973489
245 1 0 _aLara. /
_cC. G. A., Lara Williams.
260 _aSanto Domingo :
_bBúho,
_c2011.
300 _a424 p. :
_bil. ;
_c23 cm.
500 _aIncluye datos biograficos de los autores
504 _aBibliografía p: 415-421
700 1 _aWilliams, Lara
_973490
999 _c44924
_d44924